01524 a2200217 4500003000500000005001700005010001600022020001500038040000900053082001500062100002300077245011700100250001200217260005500229300004100284505087300325650003801198650001901236700002201255700002901277Nust20230228141435.0 a 97043762 a0138402086 cNust00a519.54,WAL1 aWalpole, Ronald E.10aProbability and statistics for engineers and scientists /cRonald E. Walpole, Raymond H. Myers, Sharon L. Myers. a8th ed. aUpper Saddle River, N.J. :bPrentice Hall,cc2009. a840 p. :bill. (some col.) ;c25 cm. aIntroduction to Statistics and Data Analysis (Page-25), Probability (Page-55), Random Varibles and Probability Distributions (Page-101),Mathematical Expectation (Page-131), Some Discrete Probability Distributions (Page-165), Some Continuous Probability Distributions (Page-195), Functions of Random Variables Optional (Page-235),Fundamental Sampling Distributions and Data Descriptions (Page-253), One and Two Sample Estimations Problems (Page-293), One and Two Sample Test of Hypotheses (Page-345), Simple Linear Regression and Correlation (Page-413), Multiple Linear Regression and Cretian Nonlinear Regression Models (Page-469), One Factor experiments: General (Page-535), Factorial Experiments (Page- 597), Factorial Experiments and Fractions (Page-635), Nonparametric Statistics (Page-695), Statistiacal Quality Control (Page-721), Bayesian Statistics (Page-749). 0aEngineeringxStatistical methods. 0aProbabilities.1 aMyers, Raymond H.1 aMyers, Sharon L.,d1944-